[Event "AUT-chT2W 1819"]
[Site "Austria"]
[Date "2018.10.13"]
[Round "2.6"]
[White "Uhlmann, David"]
[Black "Schnegg, Karin"]
[Result "1/2-1/2"]
[WhiteElo "2150"]
[BlackElo "2067"]
[PlyCount "80"]
[EventDate "2018.10.12"]
[EventType "team-tourn"]
[EventRounds "11"]
[EventCountry "AUT"]
[SourceTitle "CBM 186 Extra"]
[Source "ChessBase"]
[SourceDate "2018.08.24"]
[SourceVersion "1"]
[SourceVersionDate "2018.08.24"]
[SourceQuality "1"]
[WhiteTeam "Hohenems II"]
[BlackTeam "Oberland"]
[WhiteTeamCountry "AUT"]
[BlackTeamCountry "AUT"]

1. d4 g6 2. e4 Bg7 3. c4 c5 4. d5 d6 5. Bd3 e6 6. Nf3 exd5 7. exd5 Ne7 8. 0-0 0-0 9. h3 Bf5 10. Nc3 Nd7 11. Bf4 Ne5 12. Be2 h6 13. g4 Nxf3+ 14. Bxf3 g5 15. Bg3 Bh7 16. Nb5 Nc8 17. Qd2 a6 18. Nc3 Nb6 19. Be2 f5 20. gxf5 Bxf5 21. Kg2 Qd7 22. Rh1 Rae8 23. Rae1 Be5 24. Bd3 Qf7 25. Rhf1 Qd7 26. Rh1 Qf7 27. Rhf1 Bxg3 28. fxg3 Rxe1 29. Qxe1 Qd7 30. Bxf5 Rxf5 31. Rxf5 Qxf5 32. Qe8+ Kg7 33. Qe7+ Qf7 34. Qxd6 Nxc4 35. Qxc5 b5 36. d6 Qb7+ 37. Nd5 Ne3+ 38. Qxe3 Qxd5+ 39. Qf3 Qxd6 40. Qc3+ Kg6 1/2-1/2